MDQL
is popping MORE tags! Check the
thread
!
Quizzes
Events
Quiz Creation
Community
Videos
Private Events
Remove Ads
Sign In
Join for FREE
Feedback
Dark Mode
Quiz Categories
Sports
Geography
Music
Movies
Television
Just For Fun
Miscellaneous
History
Literature
Language
Science
Gaming
Entertainment
Religion
Holiday
For Kids
Quiz Lab
Recent
Popular Today
Quiz Kudos Today
Editor Picks
Curator Picks
Quizzes by...
Day
Popularity
Type
Ratings
Length
Year
Community
Subscriptions
Recent Discussions
Orange Saloon
Badges
Playlists
Quests
Create
Leaderboards
Showdown
Live 5
Trivia Bingo
Activity
Puzzle Library
Sporcle Events
Private Events
Virtual Trivia
Globe League
Become a Host
Pub Owners
SporcleCon
Opinionation
Our Games
Videos
Blog
Mobile Apps
Partnerships
Remove Ads and Go Orange
Feedback
Sports
Athletes
MLB
NBA
NHL
NFL
Soccer
Sports Teams
WWE
NCAA
Football
Premier League
Basketball
Baseball
Hockey
Golf
Tennis
Cricket
Rugby
Auto Racing
Olympics
World Cup
Sports
Athletes
MLB
NBA
NHL
NFL
Soccer
Sports Teams
WWE
NCAA
Football
Premier League
Basketball
Baseball
Hockey
Golf
Tennis
Cricket
Rugby
Auto Racing
Olympics
World Cup
Random Quiz
Search Sporcle
×
Quiz Lab
Quiz Lab
Sports
2008
Type in answers that appear in a list
Type in answers that appear in a list
Classic
Best Score? Go Orange.
Kendal League Winners Stats
Can you name the Kendal League Winners since 2008?
By
Gilps002
5m
64 Questions
2 Plays
2 Plays
2 Plays
Comments
Comments
Give Quiz Kudos
Give Quiz Kudos
-
- Ratings
hide this ad
More Info
Replay
Link that replays current quiz
Next Quiz
Link to next quiz in quiz playlist
You Got
0%
They Got
Avg Score
87%
Avg Friend Score
Upgrade to see
Score Distribution
Jump to the score distribution portion of the page
Score
0/64
Timer
05:00
0
Plays Today
Hint
Answer
% Correct
2013 Player 1
Mark Ashburn
100%
2013 Player 2
Dan Varcoe
100%
2013 Player 3
Liam Baxter
100%
2013 Player 4
Gavin Whitehead
100%
2013 Player 5
Steve Ashburn
100%
2013 Player 6
Steve Grisedale
100%
2013 Player 7
Dave Grisedale
100%
2013 Player 8
Callum Baxter
100%
2012 Player 1
Mark Ashburn
100%
2012 Player 2
Dan Varcoe
100%
2012 Player 3
Steve Ashburn
100%
2012 Player 4
Gavin Whitehead
100%
2012 Player 5
Dave Grisedale
100%
2012 Player 6
Pat Whitehead
100%
2012 Player 7
Liam Baxter
100%
2012 Player 8
Steve Grisedale
100%
2011 Player 1
Martin Gilpin
100%
2011 Player 2
Billy Caldwell
100%
2011 Player 3
Ira Collier
100%
2011 Player 4
Alan Gilpin
100%
2011 Player 5
Joyce Foxcroft
100%
2011 Player 6
Mike Robinson
100%
2011 Player 7
Adrian Steele
100%
2011 Player 8
Dave Green
100%
2010 Player 1
Mark Ashburn
100%
2010 Player 2
Steve Ashburn
100%
2010 Player 3
Gavin Whitehead
100%
2010 Player 4
Dan Varcoe
100%
2010 Player 5
Dave Grisedale
100%
2010 Player 6
Liam Baxter
100%
2010 Player 7
Steve Grisedale
100%
2010 Player 8
Pat Whitehead
100%
Hint
Answer
% Correct
2009 Player 1
Martin Gilpin
100%
2009 Player 2
Alan Gilpin
100%
2009 Player 3
Dave Clarkson
100%
2009 Player 4
Mike Robinson
100%
2009 Player 5
Adrian Steele
100%
2009 Player 6
Joyce Foxcroft
100%
2009 Player 7
Dave Green
100%
2009 Player 8
Billy Caldwell
100%
2008 Player 1
Dave Clarkson
100%
2008 Player 2
Martin Gilpin
100%
2008 Player 3
Mike Robinson
100%
2008 Player 4
Alan Gilpin
100%
2008 Player 5
Joyce Foxcroft
100%
2008 Player 6
Keith Illingworth
100%
2008 Player 7
Billy Caldwell
100%
2008 Player 8
Adrian Steele
100%
2014 Player 3
Martin Gilpin
100%
2014 Player 1
Steve Hillbeck
100%
2014 Player 2
Ian Nicholson
100%
2014 Player 4
Alan Gilpin
100%
2014 Player 5
Brian Longhorn
100%
2014 Player 6
Matthew Simpson
100%
2014 Player 7
Terry Mercer
100%
2014 Player 8
Bob Newby
100%
2015 Player 8
Callum Baxter
0%
2015 Player 7
Liam Baxter
0%
2015 Player 6
Stephen Ashburn
0%
2015 Player 5
David Grisedale
0%
2015 Player 4
Gavin Whitehead
0%
2015 Player 3
Matthew Stewart
0%
2015 Player 2
Mark Ashburn
0%
2015 Player 1
Daniel Varcoe
0%
Quiz Playlist
Details
Report
Send in Message
Add To Playlist
More Info:
Players who have won the Kendal & District Bowling League Division 1 title since the records went online in 2008.
Classic:
Type in answers that appear in a list
Quiz Source
Last Updated: Feb 16, 2017
Quiz Scoreboard
CHALLENGE
Sign Up to Join the Scoreboard
Show All
Scores
Hide
Comments
May contain spoilers
Recently Published
1-10 Letter E Words III
by El_Dandy
Language
2m
Street Fighter Characters
by Artimus82
Gaming
60s
College Basketball Coaching Resumes
by pancakes188
Sports
9m
More to Explore
Quiz From the Vault
Featured Blog Post
Where Did the Easter Bunny Come From?
hide this ad
You Might Also Like...
Tags
2008
League
Winner
Today's Top Quizzes in Sports
Browse Sports
hide this ad
Today's Top Quizzes in 2008
Browse 2008
Top Contributed Quizzes in Sports
1
2022 World Cup Stars
2
Les meilleurs buteurs des matchs entre le PSG et l’OM
3
FIFA Club World Cup Champions
4
Les entraîneurs de l'OM et du PSG au 21e siècle
5
Criteria MLB: Left Handed Sluggers
6
2023 MLB Unique Player Accomplishments
7
AFC Teams Reveal (Wrong Answers Minefield)
8
Players with Multiple 50 Home Run Seasons
9
5-to-1: FBS Animal Nicknames
10
5-to-1: UK Sports Teams
Explore More
Trending Topics
Marvel
Crossword
Harry Potter
NBA
Anime
Disney
Kpop
Pokémon
NFL
The Office
Puzzle
WWE
Country
Soccer
Song
hide this ad
More By:
Gilps002
Quiz
Plays
Rating
Category
Featured
Created
Ivy Leaf Pool Team Players 2005-2015
21
Sports
Dec 11, 2012
Kendal League Belt
19
Sports
Sep 12, 2012
Kendal League Champions
17
Sports
Apr 18, 2012
Unbelievable Mitchells Classic
13
Sports
Apr 19, 2012
Kendal League D1 Points
12
Sports
May 29, 2014
Go to Creator's Profile
Score Distribution
Quiz Creator Spotlight
Gilps002
Follow
Send a Message
Quizzes Created
-
Created Quiz Play Count
-
More By This Creator
Popular Quizzes Today
1
Find the US States - No Outlines Minefield
2
Find the Countries of Europe - No Outlines Minefield
3
The Countries of the World
4
Find the US States
5
Risky Map Clicking: Biggest States A-Z
6
US States
7
Popular People in 1961
8
Movies - When Are They Set?
More Sports Quizzes
Premier League Kit History: 1993-94 (Home)
Quiz Lab
Trending Quizzes
Risky Map Clicking: Least Populous States A-Z
1-10 Letter G Words
USA Borders Longest to Shortest
1-10 Letter F Words
Countries of the World: 200 Million BC
Recently Updated
Leaping Animals
pecheneg
Reality TV Shows (A-Z)
bhenderson79
Rickey Henderson's Hall of Fame Teammates
pecheneg
Champions League XIs: Arsenal
pecheneg
Quick Pick: Celebrities in WWE's Hall of Fame
aduchscher
A-Z Keypad Blitz II
pecheneg
Multiple Oscar Actors
pecheneg
Mystery Phrase Blitz: Oscar 'Best Actors'
pecheneg
F. Scott Fitzgerald Novels
LTH
Pick 3 Villains
ddd62291
Trending Topics
NBA
Crossword
Anime
Marvel
Disney
Kpop
Harry Potter
Song
Pokémon
Country
NFL
WWE
Puzzle
The Office
Soccer
Your Account Isn't Verified!
In order to create a playlist on Sporcle, you need to verify the email address you used during registration. Go to your
Sporcle Settings
to finish the process.
Report this User
Report this user for behavior that violates our
Community Guidelines
.
Details:
Send Report
Go to the Sporcle.com Mobile Site →
Comments